Statistiken für Länder mit U

Klicken Sie hier um das Quiz zu spielen!

Allgemein

  • Dieses Quiz wurde 774 mal gespielt
  • Das Durchschnittsergebnis liegt bei 5 aus 6

Antwortstatistiken

HintAntwort% Korrekt
1Uganda
92%
4Uruguay
92%
6Usbekistan
91%
3Ungarn
86%
2Ukraine
61%
5USA
54%

Verteilung der Resultate

Perzentil nach korrekt beantworteten Fragen

Anzahl Personen mit jedem Resultat

Ihre Resultats-Entwicklung

Sie haben dieses Quiz noch nicht gespielt